000 00611nam a2200193 i 4500
001 58651
003 ES-MaACL
005 20250728062602.0
007 t|
008 031023s1982 sp ||||1| spa d
100 0 _aEbersole, Alva V.
_946472
245 1 0 _aSantos Díez González, Censor
_b: monografía /
_cpreparada por Alva V. Ebersole.
260 _a[Valencia] :
_bAlbatros,
_c[1982]
300 _a71 p. ;
_c24 cm.
490 1 _aMonografías ;
_v1
830 0 0 _aMonografías (Centro de Estudios Benaventanos "Ledo del Pozo")
_v1
_9177262
852 _aES-MaACL
_jL-4419
_bR.104821
999 _c58651
_d58651